000 00562nam a22002057a 4500
003 OSt
005 20140310182820.0
008 130304t xxu||||| |||| 00| 0 eng d
020 _a978981253315
050 _aQK 711 .2
_b.793 2010
082 _aM 571.2
_bH796 2010
245 _aIntroduction to plant physiology /
_cHopkins, William G.
260 _aSingapore :
_bJohn Wiley & Sons
_c2010
300 _axviii, 503 p. :
_c26 cm
_bill. ;
521 _acollege students
526 _c1210L-1710L
541 _j1
562 _e1
942 _2lcc
_cBK
_kM
999 _c16380
_d16380